00754nam a2200205 i 4500001000300000100002000003245010200023246006300125260004000188300003300228500006600261650001000327655001800337020001500355040000800370041001100378080002000389008004100409856009800450bg1 aPATTERSON, Lois10aPoznaj Microsoft Excel 97 w 24 godziny /cLois R. Patterson ; tł. [z ang.] Władysław Szymczyk. iTyt. oryg.:aTeach yourself Microsoft Excel 97 in 24 hours aWarszawa :b"Intersoftland",c1998. aXX, 352 s. :brys. ;c24 cm. aOryg. : "Teach yourself Microsoft Excel 97 in 24 hours" 1997. 9aExcel aPodręczniki a8386861452 cBPK1 aplhen a004.42Excel(07) s pl f |000 0 pol  uhttp://koha.tu.koszalin.pl/cgi-bin/koha/opac-detail.pl?biblionumber=34046yKatalog online BPK